Federal Districts of Russia (map quiz) - Statistics

General Stats
  • This quiz has been taken 978 times
  • The average score is 5 of 8
Answers on the Map
Answers color-coded by a green-red scale on the quiz's map according to % correct below.
 
Answer Stats
Districts % Correct
Siberia
95%
Northern Caucasus
71%
Ural
66%
Far East
65%
Central
59%
South
57%
Volga
48%
North West
47%
No matching quizzes found
Score Distribution
Percent of People with Each Score
Percentile by Number Answered
Your Score History
You have not taken this quiz